000 00512nam a2200157 a 4500
001 000043605
005 20201002044856.0
008 140327d1981 dr 000 0 spa d
040 _aDO-SdBNP
_bspa
_cBNPHU
082 _axxx
_bxxx
100 1 _aTaveras, Juan ML.
_971415
245 1 3 _aEl pacto democrático :
_bdoctrina política /
_cJuan ML. Taveras.
260 _aSanto Domingo :
_bNivar,
_c1981.
300 _a335 p. ;
_c20 cm.
500 _aIncluye datos biográficos del autor en la solapas de las contracubierta
999 _c43094
_d43094